Operační zesilovače v elektronice

Saved in:
Bibliographic Details
Main Author: Punčochář, Josef (Author)
Format: Book
Language:Czech
Published: Praha : BEN - technická literatura, 1999
Edition:4.dopl.vyd.
Subjects:
Tags: Add Tag
No Tags, Be the first to tag this record!

MARC

LEADER 00000nam a22000003a 4500
001 stu49385
005 20150617225709.0
008 990329s1999------------------------cze-d
020 |a 80-86056-37-6 
040 |a STU  |b slo 
041 0 |a cze 
080 |a 621.38 
080 |a 621.375 
084 |a B1220  |2 INS 
100 1 |a Punčochář, Josef  |4 aut 
245 1 |a Operační zesilovače v elektronice 
250 |a 4.dopl.vyd. 
260 |a Praha :  |b BEN - technická literatura,  |c 1999 
300 |a 495 s 
650 7 |a operačné zosilovače  |2 stusub 
996 |b 284J005280  |c J*98389  |l JJK14  |s P  |a 0  |w stu49385_0001